000 01176nam0a2200373 4500
001 RU\NLR\BIBL_A\011429568
005 20170712132352.0
010 _a978-5-98904-242-5
021 _aRU
_b2017-41520
_93016
035 _a(NLR Aleph) 011429568
035 _a(RuMoRGB)008905927
090 _a11646077
_c11646077
100 _a20170630d2015 u y0rusy50 ca
101 0 _arus
102 _aRU
105 _ay z 01zy
200 1 _aЧас между Нарциссом и Эдипом
_eД. С. Рождественский
210 _aИжевск
_cERGO
_d2015
215 _a334 с.
_d20
225 1 _aVade mecum
320 _aБиблиогр.: с. 321-327
320 _aИмен. указ.: с. 328-331
320 _aПредм. указ.: с. 332-334
606 1 _aПсихоанализ
_9953300
_3RU\NLR\AUTH\66354833
686 _aЮ91(2)-736,0
_2rubbk
686 _aЮ937-953.6,0
_2rubbk
686 1 _aЮ91(0)6-736
686 1 _aЮ937-953.6
700 1 _aРождественский
_bД.С.
_f1876-1940
_gДмитрий Сергеевич
942 _cBOOK
980 _aNBR
980 _aNB